000
00300nam a22001337a 4500
020
_a
9789690016799
040
_c
Nust
082
_a
891.4393
_b
THE
100
_a
Tehmeena Durrani
_9
125153
245
_a
Kufar
260
_a
Lahore:
_b
Feroz sons,
_c
2000.
650
_a
Kufar
_9
125154
942
_2
ddc
_c
BK
999
_c
610941
_d
610941